000 00665nam a22002417a 4500
001 13747
003 CO-MdFUSB
005 20170602112449.0
008 170602t2002 sp ||||| |||| 00| 0 s d
020 _a84-7151-778-7
040 _aCO-MdFUSB
_bspa
_cCO-MdFUSB
_dCO-MdFUSBC
_erda
041 0 _aspa
082 0 4 _aG 221 S567a
100 1 _aSicre Díaz, José Luis (1940-)
_eautor
245 0 _aIntroducción al Antiguo Testamento
_c / José Luis Sicre
250 _a8
264 4 _aEstella (Navarra) :
_b Verbo Divino,
_c©2002
300 _a299 Pág.
336 _2rdacontent
_a1
_ba1
337 _2rdamedia
_a2
_b5
338 _2rdacarrier
_a2
_b5
942 _cBK
999 _c42692
_d42692